Stalin... oder Hitler? - Statistiken

Allgemein
  • Dieses Quiz wurde 15.429 mal gespielt
  • Das Durchschnittsergebnis liegt bei 11 aus 15
Antwortstatistiken
Frage Antwort % Korrekt
Ist in Österreich geboren Hitler
95%
Wurde über 70 Jahre alt Stalin
95%
Einst wurde eine Stadt nach ihm benannt Stalin
92%
Studierte den Job als Priester Stalin
92%
Begang Suizid Hitler
91%
Wurde mit einem anderen Namen geboren Stalin
87%
Bekam in der Jugend Geld als Künstler Hitler
86%
Hatte einen Schnurrbart Beide
80%
War Gastgeber der Olympischen Spiele während seiner Herrschaft Hitler
78%
Hatte Kinder Stalin
71%
War Vegetarier Hitler
56%
War ein ausgezeichneter Soldat im Ersten Weltkrieg Hitler
53%
Führte ein Land, das in Polen 1939 einfiel Beide
41%
Verbrachte Zeit im Gefängnis Beide
32%
Wurde ausgezeichnet als Time Magazine's "Mann des Jahres" Beide
17%
Keine übereinstimmenden Quizze gefunden
Verteilung der Resultate
Anzahl Personen mit jedem Resultat
Perzentil nach korrekt beantworteten Fragen
Ihre Resultats-Entwicklung
Sie haben dieses Quiz noch nicht gespielt